000
00297nam a2200109Ia 4500
008
240624s9999 xx 000 0 und d
041
_a
eng
082
_a
658.056754 MAN
100
_a
MANGINO MICHAEL
245
_a
DEVELOPING FACEBOOK PLATFORM APPLICATION
260
_c
2008
_a
Texas
_b
Pragmatic Bookshelf
999
_c
15931
_d
15931